00565nam a22001337a 4500008004100000082002400041245017000065260003700235300001000272710002400282942001200306999001500318952009800333230613b xxu||||| |||| 00| 0 eng d a352.4908b100001587 aThe Report of The Controller and Auditor-General together with The Appropriation Accounts Other Public Accounts and the Accounts of the Funds for the Year 1993/1994 aKenyabGovernment of Kenyac1994 a487 p bGovernment of Kenya 2ddccBK c1139d1139 00102ddc4070a001b001d2023-06-13l0o352.4908 KENp100001587r2023-06-13w2023-06-13yBK